000 00275 a2200121 4500
001 146878
040 _cEscola São Tomás de Aquino
100 _aMURRAY, Roseana
240 1 0 _aLá vem o Luis
_lpor
245 1 0 _aLá vem o Luis
697 _a*LITERATURA INFANTO
942 _cBK
999 _c146878
_d146878